000 00471nam a22001817a 4500
005 20251108174707.0
008 250721s9999 xx 000 0 eng d
082 1 4 _aJ/F/GOO
100 1 _agool, van
245 1 0 _aAladdin /
264 1 _abelgium :
_bcreations for children international,
300 _aLEVEL 2
490 0 _aI Can Read
650 1 7 _aFICTION
653 _aاطفال مرحله متوسطه (6-9) سنوات
942 _2ddc
_cBK
999 _c115665
_d115665